| 000 -LEADER |
| fixed length control field |
01257pab a2200205 454500 |
| 008 - FIXED-LENGTH DATA ELEMENTS--GENERAL INFORMATION |
| fixed length control field |
180718b2005 xxu||||| |||| 00| 0 eng d |
| 100 ## - MAIN ENTRY--PERSONAL NAME |
| Personal name |
Coe, Patrick J. |
| 245 ## - TITLE STATEMENT |
| Title |
The cost effectiveness of the UK's sovereign debt portfolio |
| 260 ## - PUBLICATION, DISTRIBUTION, ETC. |
| Date of publication, distribution, etc. |
2005 |
| 300 ## - PHYSICAL DESCRIPTION |
| Extent |
p.467-95. |
| 362 ## - DATES OF PUBLICATION AND/OR SEQUENTIAL DESIGNATION |
| Dates of publication and/or sequential designation |
Aug |
| 520 ## - SUMMARY, ETC. |
| Summary, etc. |
This paper provides a recursive empirical analysis of the scope for cost minimization in public debt management when the debt manager faces a given short-term interest rate dictated by monetary policy as well as risk and market impact constraints. It simulates the `real-time' interest costs of alternative portfolios for UK government debt between April 1985 and March 2000. These portfolios are constructed using forecasts of return spreads based on a recursive modelling procedure. While we find statistically significant evidence of predictability, the interest cost savings are quite small when portfolio shares are constrained to lie within historical bounds. - Reproduced. |
| 650 ## - SUBJECT ADDED ENTRY--TOPICAL TERM |
| Topical term or geographic name entry element |
Public debt - Great Britain |
| 650 ## - SUBJECT ADDED ENTRY--TOPICAL TERM |
| Topical term or geographic name entry element |
Cost effectiveness - Great Britain |
| 650 ## - SUBJECT ADDED ENTRY--TOPICAL TERM |
| Topical term or geographic name entry element |
Cost effectiveness |
| 700 ## - ADDED ENTRY--PERSONAL NAME |
| Personal name |
Vahey, Shaun P. |
| 700 ## - ADDED ENTRY--PERSONAL NAME |
| Personal name |
Pesaran, M. Hashem |
| 773 ## - HOST ITEM ENTRY |
| Main entry heading |
Oxford Bulletin of Economics and Statistics |
| 909 ## - |
| -- |
67014 |